<?xml version="1.0" encoding="UTF-8"?><?xml-stylesheet type="text/xsl" href="static/style.xsl"?><OAI-PMH xmlns="http://www.openarchives.org/OAI/2.0/" xmlns:xsi="http://www.w3.org/2001/XMLSchema-instance" xsi:schemaLocation="http://www.openarchives.org/OAI/2.0/ http://www.openarchives.org/OAI/2.0/OAI-PMH.xsd"><responseDate>2026-04-27T14:39:49Z</responseDate><request verb="GetRecord" identifier="oai:uvadoc.uva.es:10324/65565" metadataPrefix="marc">https://uvadoc.uva.es/oai/request</request><GetRecord><record><header><identifier>oai:uvadoc.uva.es:10324/65565</identifier><datestamp>2024-02-02T20:00:59Z</datestamp><setSpec>com_10324_1142</setSpec><setSpec>com_10324_931</setSpec><setSpec>com_10324_894</setSpec><setSpec>col_10324_1259</setSpec></header><metadata><record xmlns="http://www.loc.gov/MARC21/slim" xmlns:doc="http://www.lyncode.com/xoai" xmlns:xsi="http://www.w3.org/2001/XMLSchema-instance" xmlns:dcterms="http://purl.org/dc/terms/" xsi:schemaLocation="http://www.loc.gov/MARC21/slim http://www.loc.gov/standards/marcxml/schema/MARC21slim.xsd">
<leader>00925njm 22002777a 4500</leader>
<datafield tag="042" ind1=" " ind2=" ">
<subfield code="a">dc</subfield>
</datafield>
<datafield tag="720" ind1=" " ind2=" ">
<subfield code="a">Cavia Naya, María Victoria</subfield>
<subfield code="e">author</subfield>
</datafield>
<datafield tag="720" ind1=" " ind2=" ">
<subfield code="a">Ramírez Hurtado, Carmen</subfield>
<subfield code="e">author</subfield>
</datafield>
<datafield tag="260" ind1=" " ind2=" ">
<subfield code="c">2022</subfield>
</datafield>
<datafield tag="520" ind1=" " ind2=" ">
<subfield code="a">En el siguiente trabajo se propone una serie de objetivos para abordar el concepto Personal Learning Environment, una cuestión derivada de la incorporación de las nuevas tecnologías en los procesos de enseñanza-aprendizaje. Por tanto, para comprenderlo mejor, se pretenderá definir el concepto de tiempo en la sociedad actual, se analizará la incidencia del tiempo en la educación y sus paralelismos con la economía, se explorará nuevas perspectivas temporales basadas en las cosmovisiones ofrecidas por la música y la física, se propondrá un nuevo paradigma espaciotemporal globalizado e integrador y, por último, se ofrecerán algunas propuestas de aplicación práctica señalando los desafíos implícitos.</subfield>
</datafield>
<datafield tag="024" ind2=" " ind1="8">
<subfield code="a">Vega Caro, Luisa; Vico Bosch, Alba (coord.). Investigaciones teóricas y experiencias prácticas para la equidad en educación. Madrid: Dyckinson S.L., 2022, p. 784-809</subfield>
</datafield>
<datafield tag="024" ind2=" " ind1="8">
<subfield code="a">978-84-1377-921-8</subfield>
</datafield>
<datafield tag="024" ind2=" " ind1="8">
<subfield code="a">https://uvadoc.uva.es/handle/10324/65565</subfield>
</datafield>
<datafield tag="024" ind2=" " ind1="8">
<subfield code="a">784</subfield>
</datafield>
<datafield tag="024" ind2=" " ind1="8">
<subfield code="a">809</subfield>
</datafield>
<datafield tag="024" ind2=" " ind1="8">
<subfield code="a">Investigaciones teóricas y experiencias prácticas para la equidad en educación</subfield>
</datafield>
<datafield ind1=" " ind2=" " tag="653">
<subfield code="a">Aprendizaje</subfield>
</datafield>
<datafield ind1=" " ind2=" " tag="653">
<subfield code="a">Educational technology</subfield>
</datafield>
<datafield tag="245" ind1="0" ind2="0">
<subfield code="a">El tiempo como herramienta en la construcción de la ecología de aprendizaje, un concepto meta-tecnológico</subfield>
</datafield>
</record></metadata></record></GetRecord></OAI-PMH>